| 000 | 00952nac a22002411u 4500 | ||
|---|---|---|---|
| 010 | _a 77361928 | ||
| 020 | _a027336197X : | ||
| 082 | 0 | 0 |
_a621.3133 _bS2741 |
| 090 |
_c4478 _d4478 |
||
| 100 | _aSay, M. G. | ||
| 245 | 1 | 0 |
_aAlternating current machines / _c[by] M. G. Say. |
| 250 | _a4th ed. | ||
| 260 |
_aLondon : _bPitman, _c1976. |
||
| 300 |
_axii, 543 p. : _bill. ; _c23 cm. |
||
| 500 | _a"A Pitman international text." | ||
| 500 | _aFirst-3d ed. published under title: The performance and design of alternating current machines. | ||
| 504 | _aIncludes bibliographical references and index. | ||
| 650 | 0 |
_aElectric machinery _xAlternating current. |
|
| 650 | 0 | _aElectric transformers. | |
| 650 | 0 | _aElectric motors, Alternating current. | |
| 942 |
_cBB _k621.3133S2741 |
||
| 999 |
_c4478 _d4478 |
||